JAKA MOŻE BYĆ SESJA? - Statystyki

Ogólne statystyki
  • Ten quiz został rozwiązany 28 razy
  • Średni wynik to 2 z 6
Statystyki odpowiedzi
Odpowiedź % Poprawnych
ZDJĘCIOWA
91%
EGZAMINACYJNA
48%
FILMOWA
9%
ŚLUBNA
4%
TERAPEUTYCZNA
4%
BANKOWA
0%
Nie znaleziono quizów pasujących do podanych kryteriów
Rozkład punktacji
Procent ludzi z każdym wynikiem
Percentyl według liczby udzielonych odpowiedzi
Twoja historia wyników
Nie rozwiązałeś tego quizu